| 000 | 00567cab a2200181 4500 | ||
|---|---|---|---|
| 001 | WB2537-21 | ||
| 008 | 090401t1989 xxu||||| |||| 00| 0 eng d | ||
| 035 | _a(Sirsi) u47131 | ||
| 041 | _aeng | ||
| 245 | _aHalifax adds to network | ||
| 260 | _c1989 | ||
| 350 | _a0 | ||
| 490 |
_aFinancial Adviser _vNo 122 21/9/89 p7 |
||
| 520 | _aThe Halifax is bucking the trend in the middle of a major property slump by continuing to expand its estate agency network. | ||
| 690 | _aMANAGEMENT-BUSINESS MANAGEMENT-PROFESSIONAL PRACTICE | ||
| 942 | _n0 | ||
| 948 | _c04/03/1997 | ||
| 999 |
_c29729 _d29729 |
||